000 00981nam a22002537a 4500
005 2008092903563.0
008 080929t xxu||||| |||| 00| 0 eng d
010 _aENG-91074
020 _a9788184500554
_c1500.00
035 _aEN-74607
037 _bDBAD / PUB
040 _aDPL
082 _a338.954
245 _aIndian economy:
_cedited by J. felix Raj
_beconomic ideas, development and financial reforms /
260 _aNew Delhi
_bDeep & Deep Publications
_c2008
300 _axxii, 392p.
_c24cm.(Hb)
500 _aEssays in honour of Professor Raj Kumar Sen : a tributefrom Research Scholars
500 _aInclude index
651 _aIndia
_xEconomic policy
_y1947-
651 _aIndia
_xEconomic policy
_y1991-
700 _aFelix Raj, J.
942 _2ddc
_cEN
_mIND
_h338.954
999 _c16046
_d16046